000 01280nam a2200385 i 4500
001 194094
003 SpMaBN
005 20240412063012.0
007 ta
008 240410s2007 sp | |||| 00 0 spa
017 _aM 31829-2007
_bOficina Depósito Legal Madrid
020 _a9788432228216
035 _a(OCoLC)190396196
035 _aa3308142
040 _aSpMaBN
_bspa
_cSpMaBN
_erdc
_dES-MaACL
080 _a821.133.1-31"19"
100 1 _aBarbery, Muriel,
_d1969-
_0XX1594632
_9235736
245 1 3 _aLa elegancia del erizo /
_cMuriel Barbery ; traducción del francés por Isabel González-Gallarza.
250 _a1ª ed.
260 _aBarcelona :
_bSeix Barral,
_c2007.
300 _a367 p. ;
_c23 cm
336 _2rdacontent
_atexto
337 _2rdamedia
_asin mediación
338 _2rdacarrier
_avolumen
490 1 _aBiblioteca Formentor
500 _aTraducción de: L'élégance du hérisson
830 _9180387
_aBiblioteca Formentor
852 _aEs-MaACL
_cDEPO2
_jA-15322
_hDonación: Candela Arroyo
_9201617
901 _aMON0802
903 _9235711
_aArroyo, Candela
_ednr
942 _n0
_cMONOGRAFIA
999 _c194094
_d194094